000 00372nam a22001697a 4500
005 20160627112216.0
008 160627b xxu||||| |||| 00| 0 eng d
020 _a0-140-27873-7
041 _aeng
082 _b10434
100 _aOrwell, George
_92898
245 _aAnimal Farm
260 _bPenguin India
300 _a95
650 _aManagement
_9241
942 _cBK
999 _c4195
_d4194